Mapa Planisferio [material cartográfico] : mudo escala 1.

Guardado en:
Formato: Mapa
Publicado: Buenos Aires : s/l, s/f.
Materias:
Etiquetas: Agregar Etiqueta
Sin Etiquetas, Sea el primero en etiquetar este registro!
LEADER 00473nem a22001575a 4500
001 CEM.cems017659
008 130507b19--##############a#####1#######d
005 20230823115740.0
245 0 0 |a Mapa Planisferio [material cartográfico] :  |b mudo escala 1. 
260 |a Buenos Aires :  |b s/l, s/f. 
300 |a 1 mapa. 
082 0 4 |a 912 
653 |a Planisferio-mapa 
653 |a Planisferio-mudo 
653 |a Mapas 
859 |a CEMS  |b BIB. CEMS - Agricultura  |h 912  |i Ar37-8  |p A0017.011  |t Ej.1  |v MAPA  |3 MAPA